000 01933cam a22005054i 4500
003 PE-LiUPU
005 20250731165539.0
008 150625s r 000 0 d
020 _a0310365406
040 _bspa
_cPE-LiUPU
_dPE-LiUPU
_erda
082 0 4 _a220.7
_bEBC
_220
245 1 4 _aThe expositor´s bible commentary :
_bwith the New International version of the Holy Bible.
_nVolume 12, (Hebrews - Revelation) /
_ceditor general: Frank E. Gaebelein.
264 1 _aMichigan :
_bRegency reference library,
_c1981.
300 _a603 páginas ;
_c24 centímetros.
504 _aContiene bibliografía en la introducción de cada capítulo.
505 0 _aHebrews. -James. -1 Peter. -2 Peter. -1 John. -2 John. -3 John. -Jude. -Revelation.
526 _aSEG44
526 _aSEG26
526 _aP151
526 _aP150
526 _aP149
526 _aP146
526 _aP145
526 _aP126
526 _aP125
526 _aP92
526 _aP75
526 _aP74
526 _aP27
526 _aP15
630 0 _aBiblia.
_pHebreos
_xCrítica, interpretación, etc.
_91318
630 0 _aBiblia.
_pSantiago
_xCrítica, interpretación, etc.
_91256
630 0 _aBiblia.
_pI Pedro
_xCrítica, interpretación, etc.
_91739
630 0 _aBiblia.
_pII Pedro
_xCrítica, interpretación, etc.
_91257
630 0 _aBiblia.
_pI Juan
_xCrítica, interpretación, etc.
_91613
630 0 _aBiblia.
_pII Juan
_xCrítica, interpretación, etc.
_91741
630 0 _aBiblia.
_pIII Juan
_xCrítica, interpretación, etc.
_91742
630 0 _aBiblia.
_pJudas
_xCrítica, interpretación, etc.
_91743
630 0 _aBiblia.
_pApocalipsis
_xCrítica, interpretación, etc.
_91336
700 _aGaebelein, Frank E.
_eeditor.
_91708
700 _aDouglas, J.D.
_eeditor.
_91709
942 _2ddc
_cBK
980 _81
_gALBERTO SANCHEZ Responsable de Automatización
999 _c40308
_d40308